000 00737nam a2200193Ia 4500
003 GCL
008 140319s9999 xx 000 0 ara d
040 _aGCL /
_cGCL
082 0 4 _a415.1
_bا ك
100 1 _aابن دريد : ابو بكر محمد بن الحسن بن دريد بن عتاهية بن خيثم الازدى المصرى
245 1 0 _aكتاب جمهرة اللغة /
_cابن دريد : ابو بكر محمد بن الحسن بن دريد بن عتاهية بن خيثم الازدى المصرى
260 _a[S.N] :
_bمكتبة المثنى
490 _a
650 0 4 _aالادب العربى
650 0 4 _aالنحو
650 0 4 _aاللغة العربية
650 0 4 _aالبلاغة
942 _2ddc
_cBK
999 _c58697
_d58697